The Times Killer Su Doku 4 : (Record no. 588212)

MARC details
000 -LEADER
fixed length control field 00418nam a2200169 a 4500
008 - FIXED-LENGTH DATA ELEMENTS--GENERAL INFORMATION
fixed length control field 250920s2008##################000#0#eng##
020 ## - INTERNATIONAL STANDARD BOOK NUMBER
ISBN 9780007272587
082 04 - DEWEY DECIMAL CLASSIFICATION NUMBER
Classification number 793.74
Item number TIM
100 1# - MAIN ENTRY--AUTHOR NAME
Personal name Games, The Times Mind,
245 10 - TITLE STATEMENT
Title The Times Killer Su Doku 4 :
260 ## - PUBLICATION, DISTRIBUTION, ETC. (IMPRINT)
Name of publisher Collins,
Year of publication 2008.
942 ## - ADDED ENTRY ELEMENTS (KOHA)
Koha item type English Books
Holdings
Withdrawn status Lost status Damaged status Not for loan Home library Current library Shelving location Date acquired Full call number Accession Number Price effective from Koha item type
        Anna Centenary Library Anna Centenary Library 6TH FLOOR, B WING 20.09.2025 793.74 TIM 486214 20.09.2025 English Books

Find us on the map